Statistieken voor Landen die het dichtst bij Burundi liggen

Klik hier om de quiz te nemen!

Algemene statistieken

  • Deze quiz is 17 keer genomen
  • De gemiddelde score is 18 van 20

Antwoordstatistieken

kmland% Correct
977Ethiopië
100%
419Kenia
100%
977Mozambique
100%
1342Soedan
100%
1155Somalië
100%
0Tanzania
100%
655Zuid-Soedan
100%
864Centraal-Afrikaanse
Republiek
93%
1279Congo
93%
0Congo-Kinshasa
93%
95Oeganda
93%
0Rwanda
93%
922Angola
86%
1560Botswana
86%
1515Kameroen
86%
652Malawi
86%
1547Namibië
86%
1621Tsjaad
86%
1246Zimbabwe
86%
428Zambia
79%

Scoreverdeling

Percentiel versus Aantal Correcte Antwoorden

Procent van Mensen met Elke Score

Uw Scoregeschiedenis

U heeft deze quiz nog niet genomen